| 000 | 01067nam a22003257a 4500 | ||
|---|---|---|---|
| 003 | CHAP | ||
| 005 | 20220329141609.0 | ||
| 008 | 971013s1952 r 00010 d | ||
| 010 | _a70750 | ||
| 011 | _a71722 | ||
| 035 | _a81276 | ||
| 040 | _cCHAP | ||
| 082 |
_a574 _bD3 |
||
| 100 | 0 | 0 |
_aDarwin, Charles. _931103 |
| 245 | _aJournal of researches into the geology and natural history of th various countries visited by H.M.S. Beagle | ||
| 260 |
_aNew York : _bHafner, _c1952 |
||
| 300 |
_a615 p. _b: ilus. |
||
| 590 |
_aBATCH-UPD _b10 _c20130110 _lUCH01 _h0626 |
||
| 590 |
_aBATCH-UPD _b10 _c20130410 _lUCH01 _h0309 |
||
| 590 |
_aBATCH-UPD _b10 _c20130914 _lUCH01 _h0320 |
||
| 590 |
_aCONVERSION _b10 _c20130109 _lUCH01 _h1339 |
||
| 650 | 1 | 4 |
_aAmerica del Sur _xGeografia. _95382 |
| 650 | 1 | 4 |
_aAmérica del Sur _xGeología. _95383 |
| 650 | 1 | 4 |
_aCiencias naturales. _923181 |
| 650 | 1 | 4 |
_aExpedición del Beagle, _y1831-1836. _939053 |
| 650 | 1 | 4 |
_aGeología. _947604 |
| 901 | _aBK | ||
| 942 | _cLIBRO | ||
| 949 |
_a574 D3 _bBC _cLIBRO _d33724000458428 _eLIBRO _h8006 _i81276 _si |
||
| 999 |
_c70750 _d70750 |
||